| 000 | 01036nam a2200229Ia 4500 | ||
|---|---|---|---|
| 999 |
_c40810 _d40810 |
||
| 001 | 7450 | ||
| 003 | GE_BSU | ||
| 005 | 20231212151947.0 | ||
| 008 | 181216s1976||||ge |||||||||||||| ||geo|| | ||
| 040 | _cGE_BSU | ||
| 041 | _ageo | ||
| 080 | _a821.353.1-32 დ-34 | ||
| 100 |
_aდემურხანაშვილი, სოლომონ _920671 |
||
| 245 |
_aდიდი ზამთარი : _bმოთხრობები / _cსოლომონ დემურხანაშვილი ; რედ. ნ. კანდელაკი ; მხატვ. ო. ჩხარტიშვილი. |
||
| 264 |
_aთბილისი : _bსაბჭ. საქართველო, _c1976. |
||
| 300 |
_a267 გვ. ; _c16 სმ. |
||
| 653 | _aდიდი ზამთარი. | ||
| 653 | _aმოთხრობები. | ||
| 700 |
_aკანდელაკი, ნ. _eრედაქტორი _920677 |
||
| 700 |
_aჩხარტიშვილი, ო. _eმხატვარი _920678 |
||
| 942 |
_cBK _2udc |
||